[Event "Mexico City Independence Cup 11th"]
[Site "Mexico City"]
[Date "2022.09.14"]
[Round "1"]
[White "Flom, Gabriel"]
[Black "Diaz Gonzalez Jardon, Emmanuel"]
[Result "1-0"]
[WhiteElo "2421"]
[BlackElo "1875"]
[PlyCount "61"]
[EventDate "2022.09.14"]
[EventType "tourn"]
[EventRounds "7"]
[EventCountry "MEX"]
[SourceTitle "CBM 210 Extra"]
[Source "ChessBase"]
[SourceDate "2022.11.30"]
[SourceVersion "1"]
[SourceVersionDate "2022.11.30"]
[SourceQuality "1"]

1. d4 d5 2. c4 e6 3. Nf3 Nf6 4. g3 c6 5. Bg2 dxc4 6. 0-0 Be7 7. Ne5 0-0 8. Nxc4 b6 9. Nc3 Bb7 10. a4 Qc8 11. e4 Rd8 12. e5 Nd5 13. Ne4 Ba6 14. b3 c5 15. Qg4 Nc6 16. Bh6 g6 17. dxc5 bxc5 18. Bg5 Rb8 19. Bxe7 Ncxe7 20. Ncd6 Qc7 21. Rfc1 Rxb3 22. Nxc5 Rb4 23. Qf3 Nc6 24. Nxa6 Nxe5 25. Rxc7 Nxf3+ 26. Bxf3 Rxd6 27. Nxb4 Nxc7 28. Rc1 Na6 29. Nc6 Rd7 30. Be2 Nc7 31. Nxa7 1-0

[Event "Iberoamerican-ch 8th"]
[Site "Mexico City"]
[Date "2022.02.12"]
[Round "1"]
[White "Diaz Gonzalez Jardon, Emmanuel"]
[Black "Veiga, Jose Francisco RP"]
[Result "0-1"]
[WhiteElo "1807"]
[BlackElo "2366"]
[PlyCount "68"]
[EventDate "2022.02.12"]
[EventType "swiss"]
[EventRounds "9"]
[EventCountry "MEX"]
[SourceTitle "CBM 206 Extra"]
[Source "ChessBase"]
[SourceDate "2022.03.31"]
[SourceVersion "1"]
[SourceVersionDate "2022.03.31"]
[SourceQuality "1"]

1. c4 Nf6 2. d4 g6 3. Nc3 Bg7 4. e4 d6 5. Be2 0-0 6. Be3 Na6 7. h3 e5 8. dxe5 dxe5 9. Qxd8 Rxd8 10. a3 c6 11. Nf3 Nh5 12. Rc1 Nf4 13. Bf1 Ne6 14. Rd1 Nd4 15. Nxd4 exd4 16. Ne2 Bg4 17. Bg5 Bxe2 18. Bxe2 Re8 19. f3 Nc5 20. b4 Na4 21. Kf2 Nb2 22. Rd2 Na4 23. Bd3 a5 24. c5 axb4 25. axb4 Nc3 26. Re1 Ra4 27. Rb2 Rea8 28. Bc4 Ra1 29. Bd2 Rxe1 30. Kxe1 Ra1+ 31. Bc1 Rxc1+ 32. Kd2 Bh6+ 33. Kd3 Rd1+ 34. Kc2 Rd2+ 0-1